| 000 | 01042nam a22001817a 4500 | ||
|---|---|---|---|
| 999 |
_c62035 _d62035 |
||
| 003 | Ge_BSU | ||
| 005 | 20240626102001.0 | ||
| 008 | 240626s1951 ge ||||| |||| 00| 0 geo d | ||
| 041 | _ageo | ||
| 080 | _a371.7+ 613.955 კ-66 | ||
| 100 |
_aკოვზირიძე, ზ.ზ. _922577 |
||
| 245 |
_aჰიგიენური აღზრდა და ჰიგიენის ელემენტების სწავლება დაწყებით სკოლაში / _cზ.ზ. კოვზირიძე; რედ. შ. ჩუბინიძე; საქართველოს სსრ განათლების სამინისტროს პედაგოგ. მეცნ. ინ-ტი. |
||
| 264 |
_aთბილისი : _bინ-ტის გამ-ბა, _c1951. |
||
| 300 |
_a123 გვ. : _b ილ. ; _c22 სმ. |
||
| 653 | _aსასკოლო ჰიგიენა | ||
| 700 |
_aჩუბინიძე, შ. _eრედაქტორი _922578 |
||
| 942 |
_2udc _cᲬᲘᲒᲜᲘ |
||